Получение порошков микродиапазона; Инновационные технологии в машиностроении

Detalhes bibliográficos
Parent link:Инновационные технологии в машиностроении.— 2023.— [С. 122-124]
Autor principal: Кузнецов М. А. Максим Александрович
Autor Corporativo: Национальный исследовательский Томский политехнический университет Юргинский технологический институт
Outros Autores: Судариков Е. В.
Resumo:Заглавие с титульного экрана
В данной работе представлены результаты отработки режимов получения порошков микродиапазона из сварочных проволок различного химического состава и диаметров. В процессе экспериментальных исследований были получены порошки из стальных проволок со средним размером частиц 50–100 мкм и порошки из проволок цветных металлов со средним размером частиц 100–500 мкм.
This paper presents the results of testing the modes of obtaining microrange powders from welding wires of various chemical compositions and diameters. In the course of experimental studies, powders were obtained from steel wires with an average particle size of 50–100 microns and powders from non-ferrous metal wires with anaverage particle size of 100–500 microns.
Idioma:russo
Publicado em: 2023
Colecção:Технологии получения и обработки материалов в машиностроении
Assuntos:
Acesso em linha:http://earchive.tpu.ru/handle/11683/76567
Formato: MixedMaterials Recurso Electrónico Capítulo de Livro
KOHA link:https://koha.lib.tpu.ru/cgi-bin/koha/opac-detail.pl?biblionumber=635910

MARC

LEADER 00000naa2a2200000 4500
001 635910
005 20231102024827.0
035 |a (RuTPU)RU\TPU\conf\37767 
035 |a RU\TPU\conf\37763 
090 |a 635910 
100 |a 20230622d2023 k y0rusy50 ca 
101 0 |a rus  |d eng 
102 |a RU 
105 |a y z 101zy 
135 |a drgn ---uucaa 
181 0 |a i  
182 0 |a b 
200 1 |a Получение порошков микродиапазона  |f М. А. Кузнецов, Е. В. Судариков 
203 |a Текст  |c электронный 
225 1 |a Технологии получения и обработки материалов в машиностроении 
230 |a 1 компьютерный файл (pdf; 706 Kb) 
300 |a Заглавие с титульного экрана 
320 |a [Библиогр.: с. 124 (5 назв.)] 
330 |a В данной работе представлены результаты отработки режимов получения порошков микродиапазона из сварочных проволок различного химического состава и диаметров. В процессе экспериментальных исследований были получены порошки из стальных проволок со средним размером частиц 50–100 мкм и порошки из проволок цветных металлов со средним размером частиц 100–500 мкм. 
330 |a This paper presents the results of testing the modes of obtaining microrange powders from welding wires of various chemical compositions and diameters. In the course of experimental studies, powders were obtained from steel wires with an average particle size of 50–100 microns and powders from non-ferrous metal wires with anaverage particle size of 100–500 microns. 
463 1 |0 (RuTPU)RU\TPU\conf\37634  |t Инновационные технологии в машиностроении  |o сборник трудов XIV Международной научно-практической конференции, 25–27 мая 2023 г., Юрга  |f Национальный исследовательский Томский политехнический университет (ТПУ), Юргинский технологический институт (ЮТИ) ; под ред. С. А. Солодского  |v [С. 122-124]  |d 2023 
610 1 |a труды учёных ТПУ 
610 1 |a электронный ресурс 
610 1 |a порошки 
610 1 |a режимы 
610 1 |a проволока 
610 1 |a химический состав 
610 1 |a powders 
610 1 |a modes 
610 1 |a wire 
610 1 |a chemical composition 
700 1 |a Кузнецов  |b М. А.  |c специалист в области сварочного производства  |c доцент Юргинского технологического института (филиала) Томского политехнического университета, кандидат технических наук  |f 1985-  |g Максим Александрович  |2 stltpush  |3 (RuTPU)RU\TPU\pers\29708  |9 14202 
701 1 |a Судариков  |b Е. В. 
712 0 2 |a Национальный исследовательский Томский политехнический университет  |b Юргинский технологический институт  |c (2009- )  |h 349  |2 stltpush  |3 (RuTPU)RU\TPU\col\15903 
801 2 |a RU  |b 63413507  |c 20230728  |g RCR 
856 4 |u http://earchive.tpu.ru/handle/11683/76567 
942 |c BK